| 000 | 00426cam a2200169ua 4500 | ||
|---|---|---|---|
| 020 | _a0-902-13273-3 | ||
| 041 |
_aeng _h |
||
| 082 |
_a690 _bNOT/FA |
||
| 100 | _aNoton, Nicholas.H . | ||
| 245 |
_aFarm buildings / _cH.Nicholas Noton. _hTextual Documents |
||
| 250 |
_a1 / _b. |
||
| 260 |
_aLondon : _bColage of estate management , _c1982. |
||
| 300 |
_a359 : _b` ; . |
||
| 504 | _a | ||
| 942 | _cBK | ||
| 999 |
_c1766 _d1766 |
||